| 000 | 00513nam a2200181Ia 4500 | ||
|---|---|---|---|
| 003 | GCL | ||
| 008 | 140319s9999 xx 000 0 ara d | ||
| 040 |
_aGCL / _cGCL |
||
| 082 | 0 | 4 |
_a294.3 _bع و |
| 100 | 1 | _aعواطف شلبى | |
| 245 | 1 | 0 |
_aدبلوماسية فى بلاد السحر والعجب / _cعواطف شلبى |
| 300 | _a130 ص | ||
| 490 | _a | ||
| 650 | 0 | 4 | _aالديانات الهندية |
| 650 | 0 | 4 | _aالفلسفة الهندية |
| 650 | 0 | 4 | _aالبوذية\ بوذا |
| 942 |
_2ddc _cBK |
||
| 999 |
_c37754 _d37754 |
||